Jowitt`s dictionary of English law (Record no. 85475)
[ view plain ]
| 000 -LEADER | |
|---|---|
| fixed length control field | 00541cam a2200229 4500 |
| 001 - CONTROL NUMBER | |
| control field | D6287 |
| 008 - FIXED-LENGTH DATA ELEMENTS--GENERAL INFORMATION | |
| fixed length control field | 1977 |
| 035 ## - SYSTEM CONTROL NUMBER | |
| System control number | (Sirsi) u16 |
| 050 ## - LIBRARY OF CONGRESS CALL NUMBER | |
| Classification number | 340.03 |
| 100 ## - MAIN ENTRY--PERSONAL NAME | |
| Personal name | Jowitt, William Allen |
| 245 ## - TITLE STATEMENT | |
| Title | Jowitt`s dictionary of English law |
| 250 ## - EDITION STATEMENT | |
| Edition statement | 2nd |
| 260 ## - PUBLICATION, DISTRIBUTION, ETC. | |
| Place of publication, distribution, etc. | London |
| Name of publisher, distributor, etc. | Sweet & Maxwell |
| Date of publication, distribution, etc. | 1977 |
| 300 ## - PHYSICAL DESCRIPTION | |
| Extent | 2v. 25cm |
| 350 ## - PRICE (NR) (BK AM CF MU VM SE) [OBSOLETE] | |
| Price | 45.00 |
| 650 ## - SUBJECT ADDED ENTRY--TOPICAL TERM | |
| Topical term or geographic name entry element | DICTIONARIES |
| 650 ## - SUBJECT ADDED ENTRY--TOPICAL TERM | |
| Topical term or geographic name entry element | LEGAL DICTIONARIES |
| 650 ## - SUBJECT ADDED ENTRY--TOPICAL TERM | |
| Topical term or geographic name entry element | LEGAL TERMS |
| 690 ## - LOCAL SUBJECT ADDED ENTRY--TOPICAL TERM (OCLC, RLIN) | |
| Topical term or geographic name as entry element | LAW |
| 700 ## - ADDED ENTRY--PERSONAL NAME | |
| Personal name | Walsh, Clifford |
| 942 ## - ADDED ENTRY ELEMENTS (KOHA) | |
| Suppress in OPAC | 0 |
| Withdrawn status | Lost status | Source of classification or shelving scheme | Damaged status | Not for loan | Home library | Current library | Shelving location | Date acquired | Cost, normal purchase price | Total Checkouts | Full call number | Barcode | Date last seen | Copy number | Cost, replacement price | Price effective from | Koha item type |
|---|---|---|---|---|---|---|---|---|---|---|---|---|---|---|---|---|---|
| Dewey Decimal Classification | London | London | Books | 20/08/1993 | 45.00 | 340.03 JOW | 30034488 | 06/08/2019 | 1 | 45.00 | 06/08/2019 | Reference material | |||||
| Dewey Decimal Classification | London | London | Books | 20/08/1993 | 45.00 | 340.03 JOW | 30034495 | 06/08/2019 | 2 | 45.00 | 06/08/2019 | Reference material |